Horcruxes de Voldemort - Statistics

Estatísticas Gerais
  • Esse quiz foi jogado 2 217 vezes
  • A pontuação média é 8 de 12
Estatísticas das Respostas
Resposta % Correto
Harry Potter
97%
Diário
84%
Tom Riddle
81%
Nagini
74%
Diadema
73%
Anel
66%
Taça
65%
Rowena Ravenclaw
58%
Medalhão
54%
Salazar Sonserina
52%
Helga Hufflepuff
47%
Servolo Gaunt
34%
Nenhum quiz correspondente encontrado
Distribuição das Pontuações
Porcentagem de Pessoas com Cada Pontuação
Percentil de Números Respondidos
Sua Pontuação Histórica
Você não jogou esse quiz